Municipios de Zaragoza - Estadísticas

Estadísticas generales
  • Esta prueba ha sido intentada 524 veces
  • La puntuación promedio es 55 de 293
Estadísticas de respuestas
Comarca Municipio % Correcto
Comunidad de Calatayud Calatayud
86%
Comarca Central Utebo
83%
Comarca Central Zaragoza
79%
Campo de Borja Borja
77%
Campo de Daroca Daroca
77%
Campo de Belchite Belchite
76%
Tarazona y el Moncayo Tarazona
75%
Bajo Aragón-Caspe Caspe
73%
Cinco Villas Ejea de los Caballeros
73%
Campo de Cariñena Cariñena
72%
Comarca Central Cuarte de Huerva
65%
Valdejalón La Almunia de Doña Godina
60%
Comarca Central María de Huerva
60%
Ribera Alta del Ebro Alagón
58%
Comarca Central Zuera
58%
Cinco Villas Tauste
56%
Cinco Villas Sos del Rey Católico
53%
Comarca Central Villanueva de Gállego
50%
Valdejalón La Muela
47%
Campo de Cariñena Muel
47%
Comunidad de Calatayud Ateca
46%
Ribera Baja del Ebro Pina de Ebro
46%
Comarca Central Fuentes de Ebro
45%
Valdejalón Épila
44%
Aranda Illueca
43%
Comarca Central La Puebla de Alfindén
43%
Campo de Borja Mallén
43%
Cinco Villas Uncastillo
42%
Comarca Central Cadrete
41%
Comarca Central Alfajarín
40%
Comarca Central El Burgo de Ebro
39%
Ribera Alta del Ebro Gallur
39%
Campo de Borja Magallón
39%
Valdejalón Calatorao
38%
Valdejalón Morata de Jalón
37%
Cinco Villas Sádaba
37%
Ribera Alta del Ebro Pedrola
36%
Ribera Baja del Ebro Quinto
36%
Comunidad de Calatayud Ariza
35%
Bajo Cinca Mequinenza
35%
Comunidad de Calatayud Alhama de Aragón
32%
Ribera Alta del Ebro Boquiñeni
32%
Comarca Central Nuez de Ebro
32%
Comarca Central Botorrita
31%
Campo de Belchite Fuendetodos
31%
Ribera Alta del Ebro Luceni
31%
Ribera Alta del Ebro Pinseque
31%
Ribera Alta del Ebro Figueruelas
30%
Valdejalón Ricla
30%
Comarca Central San Mateo de Gállego
30%
Aranda Brea de Aragón
29%
Cinco Villas Luna
28%
Comarca Central Pastriz
28%
Campo de Belchite Azuara
27%
Comunidad de Calatayud Nuévalos
27%
Campo de Cariñena Paniza
27%
Campo de Daroca Anento
26%
Campo de Belchite Codo
26%
Campo de Cariñena Longares
26%
Cinco Villas Biel
25%
Los Monegros Bujaraloz
25%
Comarca Central Villamayor de Gállego
25%
Campo de Cariñena Alfamén
24%
Campo de Belchite Letux
24%
Tarazona y el Moncayo Trasmoz
24%
Tarazona y el Moncayo Vera de Moncayo
24%
Campo de Daroca Atea
23%
Ribera Alta del Ebro Cabañas de Ebro
23%
Campo de Borja Fuendejalón
23%
Comunidad de Calatayud Ibdes
23%
Campo de Belchite Lécera
23%
Bajo Aragón-Caspe Maella
22%
Ribera Baja del Ebro Sástago
22%
Campo de Borja Ainzón
21%
Aranda Gotor
21%
Ribera Alta del Ebro Grisén
21%
Comunidad de Calatayud Jaraba
21%
Comunidad de Calatayud Sabiñán
21%
Comarca Central Villafranca de Ebro
21%
Aranda Aranda de Moncayo
20%
Ribera Baja del Ebro Escatrón
20%
Los Monegros Leciñena
20%
Comunidad de Calatayud Maluenda
20%
Ribera Alta del Ebro Remolinos
20%
Tarazona y el Moncayo Alcalá de Moncayo
19%
Valdejalón Almonacid de la Sierra
19%
Campo de Borja Bulbuente
19%
Ribera Baja del Ebro Gelsa
19%
Comunidad de Calatayud Morés
19%
Tarazona y el Moncayo Novallas
19%
Campo de Borja Novillas
19%
Ribera Alta del Ebro Pradilla de Ebro
19%
Ribera Alta del Ebro Torres de Berrellén
19%
Campo de Cariñena Villanueva de Huerva
19%
Los Monegros Monegrillo
18%
Comunidad de Calatayud Morata de Jiloca
18%
Bajo Aragón-Caspe Nonaspe
18%
Comunidad de Calatayud Terrer
18%
Campo de Belchite Valmadrid
18%
Campo de Daroca Villarreal de Huerva
18%
Campo de Cariñena Aguarón
17%
Campo de Belchite Almonacid de la Cuba
17%
Cinco Villas Biota
17%
Cinco Villas Castejón de Valdejasa
17%
Comunidad de Calatayud Cetina
17%
Bajo Aragón-Caspe Chiprana
17%
Comunidad de Calatayud El Frasno
17%
Cinco Villas Erla
17%
Campo de Daroca Herrera de los Navarros
17%
Ribera Baja del Ebro La Zaida
17%
Valdejalón Lumpiaque
17%
Comunidad de Calatayud Moros
17%
Campo de Daroca Used
17%
Campo de Borja Ambel
16%
Comunidad de Calatayud Codos
16%
Campo de Cariñena Cosuenda
16%
Campo de Daroca Gallocanta
16%
Ribera Alta del Ebro La Joyosa
16%
Cinco Villas Luesia
16%
Campo de Daroca Mainar
16%
Campo de Borja Maleján
16%
Comarca Central Mozota
16%
Comarca Central Osera de Ebro
16%
Aranda Sestrica
16%
Cinco Villas Sierra de Luna
16%
Campo de Borja Tabuenca
16%
Ribera Alta del Ebro Alcalá de Ebro
15%
Comunidad de Calatayud Aniñón
15%
Tarazona y el Moncayo Añón de Moncayo
15%
Comarca Central Mediana de Aragón
15%
Comunidad de Calatayud Paracuellos de Jiloca
15%
Los Monegros Perdiguera
15%
Ribera Alta del Ebro Sobradiel
15%
Valdejalón Alpartir
14%
Comunidad de Calatayud Carenas
14%
Comunidad de Calatayud Contamina
14%
Los Monegros La Almolda
14%
Comunidad de Calatayud Munébrega
14%
Valdejalón Plasencia de Jalón
14%
Comunidad de Calatayud Tobed
14%
Comunidad de Calatayud Villafeliche
14%
Ribera Alta del Ebro Bárboles
13%
Los Monegros Farlete
13%
Bajo Aragón-Caspe Fayón
13%
Tarazona y el Moncayo Grisel
13%
Comarca Central Jaulín
13%
Campo de Belchite Lagata
13%
Hoya de Huesca Murillo de Gállego
13%
Campo de Borja Pozuelo de Aragón
13%
Campo de Cariñena Tosos
13%
Campo de Daroca Acered
12%
Campo de Borja Agón
12%
Campo de Borja Bureta
12%
Aranda Calcena
12%
Campo de Daroca Cubel
12%
Cinco Villas El Frago
12%
Campo de Cariñena Encinacorba
12%
Bajo Aragón-Caspe Fabara
12%
Comunidad de Calatayud Mara
12%
Campo de Belchite Moyuela
12%
Campo de Daroca Romanos
12%
Valdejalón Urrea de Jalón
12%
Campo de Daroca Villar de los Navarros
12%
Comunidad de Calatayud Abanto
11%
Campo de Cariñena Aladrén
11%
Comunidad de Calatayud Arándiga
11%
Valdejalón Bardallur
11%
Comunidad de Calatayud Calmarza
11%
Comunidad de Calatayud Embid de Ariza
11%
Campo de Borja Fréscano
11%
Cinco Villas Layana
11%
Tarazona y el Moncayo Litago
11%
Tarazona y el Moncayo Lituénigo
11%
Aranda Mesones de Isuela
11%
Comunidad de Calatayud Monreal de Ariza
11%
Cinco Villas Orés
11%
Campo de Belchite Plenas
11%
Comunidad de Calatayud Pozuel de Ariza
11%
Campo de Borja Talamantes
11%
Aranda Tierga
11%
Comunidad de Calatayud Torralba de Ribota
11%
Aranda Trasobares
11%
Cinco Villas Valpalmas
11%
Comunidad de Calatayud Villarroya de la Sierra
11%
Cinco Villas Castiliscar
10%
Valdejalón Chodes
10%
Tarazona y el Moncayo El Buste
10%
Tarazona y el Moncayo Los Fayos
10%
Campo de Cariñena Mezalocha
10%
Valdejalón Rueda de Jalón
10%
Comunidad de Calatayud Ruesca
10%
Valdejalón Salillas de Jalón
10%
Comunidad de Calatayud Torrelapaja
10%
Tarazona y el Moncayo Torrellas
10%
Cinco Villas Urriés
10%
Campo de Borja Albeta
9%
La Jacetania Artieda
9%
Cinco Villas Asín
9%
Comunidad de Calatayud Bijuesca
9%
Comunidad de Calatayud Cimballa
9%
Comunidad de Calatayud Godojos
9%
Campo de Belchite La Puebla de Albortón
9%
Comunidad de Calatayud Malanquilla
9%
Tarazona y el Moncayo Malón
9%
Campo de Belchite Moneva
9%
Comunidad de Calatayud Montón
9%
Campo de Daroca Nombrevilla
9%
Aranda Oseja
9%
Comunidad de Calatayud Paracuellos de la Ribera
9%
Ribera Alta del Ebro Pleitas
9%
Comunidad de Calatayud Valtorres
9%
Campo de Daroca Villadoz
9%
Comunidad de Calatayud Villalengua
9%
Campo de Cariñena Aguilón
8%
Comunidad de Calatayud Alarba
8%
Campo de Borja Alberite de San Juan
8%
Campo de Daroca Badules
8%
Comunidad de Calatayud Belmonte de Gracián
8%
Comunidad de Calatayud Bubierca
8%
Comunidad de Calatayud Castejón de las Armas
8%
Aranda Jarque de Moncayo
8%
Cinco Villas Las Pedrosas
8%
Cinco Villas Longás
8%
Comunidad de Calatayud Miedes de Aragón
8%
Aranda Purujosa
8%
La Jacetania Salvatierra de Esca
8%
Tarazona y el Moncayo Santa Cruz de Moncayo
8%
Campo de Daroca Santed
8%
La Jacetania Sigüés
8%
Comunidad de Calatayud Sisamón
8%
Campo de Daroca Torralba de los Frailes
8%
Campo de Daroca Torralbilla
8%
Cinco Villas Undués de Lerda
8%
Ribera Baja del Ebro Velilla de Ebro
8%
Tarazona y el Moncayo Vierlas
8%
Ribera Baja del Ebro Alborge
7%
Cinco Villas Ardisa
7%
Campo de Daroca Balconchán
7%
Comunidad de Calatayud Berdejo
7%
Campo de Borja Bisimbre
7%
Comunidad de Calatayud Campillo de Aragón
7%
Comunidad de Calatayud Cervera de la Cañada
7%
Campo de Daroca Cerveruela
7%
Comunidad de Calatayud Fuentes de Jiloca
7%
Campo de Daroca Las Cuerlas
7%
Campo de Daroca Lechón
7%
Valdejalón Lucena de Jalón
7%
Comunidad de Calatayud Monterde
7%
Cinco Villas Navardún
7%
Comunidad de Calatayud Orera
7%
Cinco Villas Piedratajada
7%
Aranda Pomer
7%
Campo de Daroca Retascón
7%
Tarazona y el Moncayo San Martín de la Virgen de Moncayo
7%
Valdejalón Santa Cruz de Grío
7%
Comunidad de Calatayud Torrehermosa
7%
Comunidad de Calatayud Torrijo de la Cañada
7%
Campo de Belchite Almochuel
6%
Cinco Villas Bagüés
6%
Comunidad de Calatayud Bordalba
6%
Ribera Baja del Ebro Cinco Olivas
6%
Comunidad de Calatayud Clarés de Ribota
6%
Campo de Daroca Langa del Castillo
6%
Comunidad de Calatayud La Vilueña
6%
Campo de Daroca Manchones
6%
Cinco Villas Marracos
6%
La Jacetania Mianos
6%
Comunidad de Calatayud Nigüella
6%
Comunidad de Calatayud Olvés
6%
Hoya de Huesca Santa Eulalia de Gállego
6%
Comunidad de Calatayud Sediles
6%
Campo de Daroca Val de San Martín
6%
Campo de Daroca Villanueva de Jiloca
6%
Campo de Cariñena Vistabella
6%
Comunidad de Calatayud Alconchel de Ariza
5%
Ribera Baja del Ebro Alforque
5%
Comunidad de Calatayud Cabolafuente
5%
Comunidad de Calatayud Castejón de Alarba
5%
Cinco Villas Lobera de Onsella
5%
Campo de Daroca Murero
5%
Campo de Daroca Orcajo
5%
Cinco Villas Puendeluna
5%
Comunidad de Calatayud Velilla de Jiloca
5%
Campo de Daroca Villarroya del Campo
5%
Campo de Daroca Aldehuela de Liestos
4%
Campo de Daroca Berrueco
4%
Campo de Daroca Fombuena
4%
Cinco Villas Isuerre
4%
Cinco Villas Los Pintanos
4%
Campo de Daroca Luesma
4%
Campo de Daroca Valdehorna
4%
Comunidad de Calatayud Villalba de Perejil
4%
Campo de Belchite Samper del Salz
3%
No se encontraron pruebas coincidentes
Distribución de puntuación
Porcentaje de gente con cada puntuación
Porcentaje por número respondido
Historial de tus puntuaciones
No has intentado esta prueba.